000 004110000a22001690004500
003 MACL
005 20160113170804.0
008 160113b xxu||||| |||| 00| 0 eng d
040 _aMACL
_cMACL
041 _aEnglish
082 _a940/LAB
100 _aLaborde, E D
_932071
245 _aWestern Europe
260 _bUniversal Book Depot
_c1955
_aLondon
650 _aHistory
_932072
942 _cBK
_k940/Lab
_2ddc
999 _c36065
_d36065